Catálogo
 En Linea

Mirada y Rumbo / (Registro nro. 18514)

Detalles MARC
000 -CABECERA
campo de control de longitud fija 00687nam a2200205 a 4500
001 - NÚMERO DE CONTROL
campo de control 000018996
005 - FECHA Y HORA DE LA ÚLTIMA TRANSACCIÓN
campo de control 20200929165911.0
008 - DATOS DE LONGITUD FIJA--INFORMACIÓN GENERAL
campo de control de longitud fija 100521nuuuuuuuuve r 000 p spa d
020 ## - NÚMERO INTERNACIONAL ESTÁNDAR DEL LIBRO
Número Internacional Estándar del Libro 9806081706
040 ## - FUENTE DE LA CATALOGACIÓN
Centro catalogador/agencia de origen DO-SdBNP
Lengua de catalogación spa
Centro/agencia transcriptor BNPHU
082 ## - NÚMERO DE LA CLASIFICACIÓN DECIMAL DEWEY
Número de clasificación V861.44
Número de documento/Ítem G939m
049 ## - FONDOS LOCALES (OCLC)
Fondos de biblioteca BNGR
100 1# - ENTRADA PRINCIPAL--NOMBRE DE PERSONA
Nombre de persona Guevara, Maximiliano,
Fechas asociadas al nombre 1932-
9 (RLIN) 40874
245 10 - MENCIÓN DE TÍTULO
Título Mirada y Rumbo /
Mención de responsabilidad, etc. Maximiliano Guevara.
260 ## - PUBLICACIÓN, DISTRIBUCIÓN, ETC.
Lugar de publicación, distribución, etc. Cojedes, Venezuela :
Nombre del editor, distribuidor, etc. Instituto Universitario de Tecnología Alonso Gamero (IUTAG),
Fecha de publicación, distribución, etc. [s. f.].
300 ## - DESCRIPCIÓN FÍSICA
Extensión 35 p. ;
Dimensiones 21 cm.
500 ## - NOTA GENERAL
Nota general Incluye referencia biográfica del autor en la contracubierta
650 #4 - PUNTO DE ACCESO ADICIONAL DE MATERIA--TÉRMINO DE MATERIA
Término de materia o nombre geográfico como elemento de entrada Poesía venezolana
9 (RLIN) 4230
650 #4 - PUNTO DE ACCESO ADICIONAL DE MATERIA--TÉRMINO DE MATERIA
Término de materia o nombre geográfico como elemento de entrada Literatura venezolana
9 (RLIN) 3816
Existencias
Estado de retiro Estado de pérdida Restricciones de uso No para préstamo Código de colección Localización permanente Ubicación/localización actual Ubicación en estantería Fecha de adquisición Número de inventario Total de préstamos Signatura topográfica completa Código de barras Fecha visto por última vez Precio válido a partir de Tipo de ítem Koha
        Monografías: Libros y Folletos General General En catalogación 21.05.2010 LF1   V861.44 G939m 18996-10 25.06.2020 25.06.2020 Préstamo en sala

Con tecnología Koha